Eikoku no tai Toruko seisaku /
Saved in:
| Corporate Author: | |
|---|---|
| Other Authors: | |
| Format: | Book |
| Language: | Japanese |
| Published: |
[Tōkyō :
Minami Manshū Tetsudō Kabushiki Kaisha Tōa Keizai Chōsakyoku,
Shōwa 16 i.e. 1941]
|
| Series: | Keizai shiryō ;
tsūkan dai 199. |
| Subjects: | |
| Tags: |
Add Tag
No Tags, Be the first to tag this record!
|
| LEADER | 01698nam a2200349ui 4500 | ||
|---|---|---|---|
| 001 | 007777816-2 | ||
| 005 | 20024617121422.0 | ||
| 008 | 920204s1941 ja 000 0 jpn d | ||
| 035 | 0 | |a ocm33729932 | |
| 040 | |a *LWU* |b jpn |c *LWU* |d OCoLC |d *YNH* |d CStRLIN | ||
| 110 | 2 | |6 880-01 |a Minami Manshū Tetsudō Kabushiki Kaisha. |b Tōa Keizai Chōsakyoku. | |
| 245 | 1 | 0 | |6 880-02 |a Eikoku no tai Toruko seisaku / |c Minami Manshū Tetsudō Kabushiki Kaisha Tōa Keizai Chōsakyoku hen. |
| 260 | |6 880-03 |a [Tōkyō : |b Minami Manshū Tetsudō Kabushiki Kaisha Tōa Keizai Chōsakyoku, |c Shōwa 16 i.e. 1941] | ||
| 300 | |a 2, 8, 169, 11 p. ; |c 21 cm. | ||
| 490 | 1 | |6 880-04 |a Keizai shiryō ; |v tsūkan dai 199 | |
| 500 | |6 880-05 |a Honpen no shippitsu wa kyokuin Togawa Hidetane ni tantō seshimeta. | ||
| 504 | |a Includes bibliographical references. | ||
| 653 | |6 880-06 |a Igirisu |a Gaikokukankei |a Toruko. | ||
| 651 | 0 | |a Great Britain |x Foreign economic relations |z Turkey. | |
| 700 | 1 | |6 880-07 |a Togawa, Hidetane. | |
| 880 | 2 | |6 110-01 |a 南滿洲鐡道株式會社. |b 東亞經濟調查局. | |
| 880 | 1 | 0 | |6 245-02 |a 英國の對トルコ政策 / |c 南滿洲鐡道株式會社東亞經濟調查局編. |
| 880 | |6 260-03 |a [東京 : |b 南滿洲鐡道株式會社東亞經濟調查局, |c 昭和16 i.e. 1941] | ||
| 880 | 1 | |6 490-04 |a 經濟資料 ; |v 通卷第199 | |
| 880 | |6 500-05 |a 本篇の執筆は局員戶川英胤に擔當せしめた. | ||
| 880 | |6 653-06 |a イギリス |a 外國關係 |a トルコ. | ||
| 880 | 1 | |6 700-07 |a 戶川英胤. | |
| 830 | 0 | |6 880-54 |a Keizai shiryō ; |v tsūkan dai 199. | |
| 880 | 0 | |6 830-54 |a 經濟資料 ; |v 通卷第199. | |
| 886 | 2 | |2 jpnmarc |a 677 |b 319.330266 | |
| 988 | |a 20021220 | ||
| 906 | |0 OCLC | ||


